EF5/F5 Tornadoes - Sudden Death - Statistics

General Stats
  • This quiz has been taken 1,055 times
  • The average score is 6 of 14
Answers on the Grid
Answers color-coded by a green-red scale on the quiz's grid according to % correct below.
1999 Bridge Creek-Moore, Oklahoma
2021 Western Kentucky
2015 Rochelle-Fairdale, Illinois
2013 El Reno, Oklahoma
2011 El Reno, Oklahoma
1991 Andover, Kansas
2011 Tuscaloosa, Alabama
1974 Xenia, Ohio
1997 Jarrell, Texas
1993 Kyoto, Japan
1992 Chandler, Minnesota
1996 Oakfield, Wisconsin
1957 Fargo, North Dakota
2011 Rainsville, Alabama
1988 Lexington, Kentucky
1964 Bradshaw, Nebraska
2009 Sendai, Miyagi
2024 Paris, France
1960 Prague Oklahoma
1953 Waco, Texas
1998 Waynesboro, Tennessee
2002 Seoul, South Korea
2010 Tallahassee, Florida
2006 Los Angeles, California
2001 Boston, Massachusetts
2017 Manila, Phillippines
2008 Parkersburg, Iowa
2005 Grand Rapids, Michigan
 
Answer Stats
Answer % Correct
1999 Bridge Creek-Moore, Oklahoma
64%
1997 Jarrell, Texas
62%
2011 El Reno, Oklahoma
58%
1974 Xenia, Ohio
56%
1953 Waco, Texas
46%
2008 Parkersburg, Iowa
45%
1991 Andover, Kansas
44%
2011 Rainsville, Alabama
41%
1957 Fargo, North Dakota
39%
1996 Oakfield, Wisconsin
28%
1964 Bradshaw, Nebraska
26%
1998 Waynesboro, Tennessee
26%
1992 Chandler, Minnesota
25%
1960 Prague Oklahoma
23%
No matching quizzes found
Score Distribution
Percent of People with Each Score
Percentile by Number Answered
Your Score History
You have not taken this quiz